000 00177nam a22000857a 4500
999 _c12819
_d12819
082 _a324.22
100 _aShahida latif
245 _aQuaid-i-Azam ek Sawaneh ek Tarikh
942 _cBK